Sherlock Holmes: The three students/ (Record no. 49980)
| 000 -LEADER | |
|---|---|
| fixed length control field | 01051nam a2200145 4500 |
| 020 ## - INTERNATIONAL STANDARD BOOK NUMBER | |
| International Standard Book Number | 9781782264187 |
| 100 ## - MAIN ENTRY--PERSONAL NAME | |
| Personal name | Doyle, Arthur Conan, Sir, |
| Relator term | author. |
| 9 (RLIN) | 87029 |
| 245 ## - TITLE STATEMENT | |
| Title | Sherlock Holmes: The three students/ |
| Statement of responsibility, etc | written by Sir Arthur Conan Doyle. |
| 260 ## - PUBLICATION, DISTRIBUTION, ETC. (IMPRINT) | |
| Place of publication, distribution, etc | United Kingdom: |
| Name of publisher, distributor, etc | Sweet Cherry Publishing; |
| Date of publication, distribution, etc | September 26, 2019. |
| 300 ## - PHYSICAL DESCRIPTION | |
| Extent | 87 pages |
| 490 ## - SERIES STATEMENT | |
| Series statement | Sherlock Holmes |
| 520 ## - SUMMARY, ETC. | |
| Summary, etc | Mr Holmes - I beg for your assistance. I cannot engage the police. If news of this dreadful scandal were to reach the public, the reputation of this university would be utterly destroyed. A leisurely research trip turns into a race against time when Professor Soames comes to Holmes and Watson with a bizarre mystery. Three students are suspected of cheating - can Holmes solve the case in time for the examination to go ahead?<br/><br/>A simplification of Arthur Conan Doyle's Sherlock Holmes, perfect for young fans of mystery books. A great introduction to classics for children aged 7+. |
| 650 ## - SUBJECT ADDED ENTRY--TOPICAL TERM | |
| 9 (RLIN) | 85970 |
| Topical term or geographic name as entry element | Criminal investigation |
| Form subdivision | Fiction |
| 942 ## - ADDED ENTRY ELEMENTS (KOHA) | |
| Source of classification or shelving scheme | |
| Koha item type | Book |
| Withdrawn status | Lost status | Source of classification or shelving scheme | Damaged status | Not for loan | Home library | Current library | Date acquired | Total Checkouts | Full call number | Barcode | Date last seen | Date checked out | Price effective from | Koha item type |
|---|---|---|---|---|---|---|---|---|---|---|---|---|---|---|
| Logos International School | Logos International School | 12/11/2025 | 1 | CB FIC DOY | 100126 | 01/09/2026 | 12/16/2025 | 12/11/2025 | Book |